01481nam a2200481 i 450000100060000000300090000600500170001500800410003201500170007302000150009003500360010503500140014103500210015503500230017604000280019904600090022708000100023608000180024608000160026410000250028024500720030526000340037730000210041133600270043233700540045933800280051338000160054138000230055738800140058038800140059449000290060850400260063765800350066365800210069865000240071965000270074365000260077065000120079665000340080871000300084283000290087285600980090141131KOSZ 00520211207110059.0980623s1998 pl |000 0 pol  aPB 1998/7784 a8386890401 a(PL-WaBN)b10987691-48omnis_nlop ab10987691 a(OCoLC)749222968 a(PL)b0000001098769 aWA NcWA NdKOSZ 005/HR k1998 a659.4 a811.162.1'373 a811.111'3731 aMurdoch, AnnaeAutor10aJęzyk public relations :bjak promować firmę /cAnna Murdoch. aWarszawa :b"Poltext",c2000. a183 s. ;c24 cm. 2rdacontentaTekstbtxt 2rdamediaaBez urządzenia pośredniczącegobn 2rdacarrieraWoluminbnc aKsiążki aPublikacje fachowe a1901-2000 a1989-20001 aWarsztaty Menedżerskie aBibliogr. s. 181-183. aMedia i komunikacja społeczna aJęzykoznawstwo 7aJęzyk polski2DBN 7aJęzyk angielski2DBN 7aPublic relations2DBN 7aJęzyk 7aPragmatyka lingwistyczna2DBN2 aWydawnictwo Poltext.4pbl 0aWarsztaty Menedżerskie uhttp://koha.tu.koszalin.pl/cgi-bin/koha/opac-detail.pl?biblionumber=41131yKatalog online BPK